Top 15 des meilleurs attaquants au 21e siècle d'après Canal+ - Statistiques

Statistiques générales
  • Ce quiz a été pris 121 fois
  • Le résultat moyen est 13 sur 15
Statistiques - réponses
Classement Nationalité Joueurs % Correct
2 Portugal Cristiano Ronaldo
100%
1 Argentine Lionel Messi
100%
3 Brésil Ronaldo
100%
7 France Kylian Mbappé
96%
8 Brésil Neymar
96%
9 Pologne Robert Lewandowski
96%
12 Suède Zlatan Ibrahimovic
95%
10 Côte d'Ivoire Didier Drogba
93%
5 France Thierry Henry
91%
15 Uruguay Luis Suarez
90%
11 Cameroun Samuel Eto'o
88%
4 Brésil Ronaldinho
87%
6 France Karim Benzema
84%
13 Ukraine Andrei Chevtchenko
75%
14 Espagne Raul
57%
Aucun quiz correspondant
Distribution des résultats
% des personnes avec chaque résultat
Percentile par nombre de réponses
Votre historique - résultats
Vous n’avez pas pris ce quiz